00670nam a2200241Ia 4500008004000000041000800040082001200048100001600060245005500076260002600131650000700157650001200164650001400176650001000190650000700200650000900207650001200216650001200228690002200240906001100262999001900273952013600292210210b1919 xxu||||| |||| 00| 0 eng d aeng a320/328 aLASKI (H J) aPolitical thought in England from Locke to Bentham abNot Mentionedc1919 ato athought aPolitical aLocke ain afrom aEngland aBentham aPolitical Science a002075 c118303d118303 001040708Political ScienceaALbALcPolitical Scienced2021-02-17g0.00l0o320/328p002075r2021-02-17 00:00:00w2021-02-17yBK